| 000 | 00604nam a2200241Ia 4500 | ||
|---|---|---|---|
| 003 | IT-RoPAU | ||
| 008 | 120407s9999 xx 000 0 und d | ||
| 040 | _aIT-RoPAU | ||
| 040 | _cIT-RoPAU | ||
| 041 | _aita | ||
| 100 | _aVincenzo Paglia | ||
| 245 | _aIl Vangelo ogni giorno. Riflessioni sui quattro Vangeli nello spirito della Comunità di S. Egidio | ||
| 250 | _aCinisello Balsamo | ||
| 260 | _aSan Paolo Edizioni | ||
| 260 | _c1997 | ||
| 300 | _a708 p. | ||
| 300 | _c21 cm | ||
| 490 | _aFame e sete della Parola | ||
| 490 | _v24 | ||
| 600 | _aBrossura | ||
| 942 | _cBK | ||
| 999 |
_c36465 _d36465 |
||